| 000 | 00684nam a22001937a 4500 | ||
|---|---|---|---|
| 999 |
_c167569 _d167569 |
||
| 005 | 20190911171130.0 | ||
| 010 | _aUR-10452 | ||
| 020 |
_c250.00 _a9789380279671 |
||
| 035 | _aU-9007 | ||
| 037 |
_bDBAD/PUB _a- |
||
| 082 | _a270.841 | ||
| 100 | _aسيد ا جما ل مہد ی ز يد ی | ||
| 245 |
_aعطا ۓ ز ينب _cسيد ا جما ل مہد ی ز يد ی |
||
| 246 |
_bAta-e-Zainab (Urdu) _aby Syed Ijmal Mahdi Zaidi |
||
| 260 |
_aDelhi _bShahid Publications _c2014 ء |
||
| 270 |
_aE-1/16,Opp.Happy School,Ansari Road,Darya ganj, _bN.Delhi _e110002 _k11-23272724 _l- |
||
| 300 |
_a253+1+182 ص _c22 Cm(Hb) |
||
| 942 |
_2ddc _cUR _h270.841 _mا ج م |
||